[Event "DEM U10/U10w 2009"]
[Site "Willingen GER"]
[Date "2009.06.05"]
[Round "10"]
[White "Kollars, Dmitrij"]
[Black "Sieber, Fiona"]
[Result "0-1"]
[Termination "normal"]
[Board "16"]
[WhiteElo "1465"]
[BlackElo "1082"]
[PlyCount "164"]
[WhiteFideId "12909572"]
[BlackFideId "12902373"]
[EventCountry "GER"]
[EventRounds "11"]
[EventType "swiss"]
[EventDate "2009.05.30"]

1. e4 e5 2. Nf3 Nc6 3. d4 exd4 4. Nxd4 Bc5 5. Nb3 Be7 6. Nc3 Nf6 7. Bd3 d5 8.
exd5 Nxd5 9. Nxd5 Qxd5 10. O-O Be6 11. Be3 O-O 12. f4 Bf5 13. Bxf5 Qxf5 14. Qe2
Rfd8 15. Rad1 Bd6 16. a3 Rd7 17. Qd3 Qxd3 18. Rxd3 Re8 19. Rfd1 Rde7 20. Kf2 h6
21. Nd2 Kh7 22. Nc4 a6 23. Nxd6 cxd6 24. Rc3 Rd8 25. Bc5 dxc5 26. Rxd8 Nxd8 27.
Rxc5 Ne6 28. Re5 Rd7 29. f5 Nc7 30. Ke2 h5 31. c4 Kh6 32. h4 g5 33. g3 gxh4 34.
gxh4 Kg7 35. f6+ Kxf6 36. Rxh5 Kg6 37. Rg5+ Kh6 38. Rg4 f5 39. Rf4 Kg6 40. h5+
Kxh5 41. Rxf5+ Kg4 42. Rf8 Rd4 43. b3 Ne6 44. Rg8+ Kf5 45. Ke3 Rd8 46. Rg3 Nf4
47. Kf2 Rd3 48. Rxd3 Nxd3+ 49. Ke3 Nc5 50. b4 Ne6 51. b5 Ke5 52. bxa6 bxa6 53.
Kd3 Kd6 54. Kc3 Nc5 55. Kb4 Kc6 56. Ka5 Kb7 57. Kb4 Kb6 58. a4 a5+ 59. Ka3 Nb7
60. Kb3 Kc5 61. Kc3 Nd6 62. Kb3 Nxc4 63. Kc3 Nb6 64. Kb3 Kd4 65. Ka3 Kc4 66.
Ka2 Kb4 67. Kb2 Nxa4+ 68. Ka2 Nc3+ 69. Kb2 a4 70. Ka1 Nb5 71. Kb2 a3+ 72. Ka2
Nc3+ 73. Ka1 Nb5 74. Ka2 Nd6 75. Kb1 Ne4 76. Ka2 Nf2 77. Kb1 Nd1 78. Ka2 Ne3
79. Kb1 Kb3 80. Ka1 Nc2+ 81. Kb1 a2+ 82. Kc1 a1=Q+ 0-1

[Event "DEM U10/U10w 2009"]
[Site "Willingen GER"]
[Date "2009.06.05"]
[Round "10"]
[White "Teichmann, Felix"]
[Black "Riehle, Marco"]
[Result "0-1"]
[Termination "normal"]
[Board "17"]
[WhiteElo "1211"]
[BlackElo "1442"]
[PlyCount "136"]
[WhiteFideId "12927538"]
[BlackFideId "12904392"]
[EventCountry "GER"]
[EventRounds "11"]
[EventType "swiss"]
[EventDate "2009.05.30"]

1. e4 e5 2. Nf3 Nc6 3. Bc4 Bc5 4. d3 d6 5. c3 Bg4 6. Nbd2 Nf6 7. h3 Be6 8. Bb3
Qd7 9. Bc2 O-O-O 10. Nb3 Bb6 11. Be3 Bxe3 12. fxe3 Kb8 13. Qd2 Rdg8 14. O-O-O
Bxb3 15. Bxb3 Na5 16. Qc2 Nxb3+ 17. Qxb3 Qe6 18. Qxe6 fxe6 19. Ng5 Re8 20. Nf3
h6 21. Rhf1 Rhf8 22. Rd2 Nh5 23. g4 Ng3 24. Rff2 Rf7 25. Nh4 Ref8 26. Rxf7 Rxf7
27. Ng2 Rf3 28. h4 a6 29. a3 Nf1 30. Re2 Rg3 31. g5 hxg5 32. hxg5 Rxg5 33. Rf2
Ka7 34. Kc2 Rxg2 35. Rxg2 Nxe3+ 36. Kd2 Nxg2 37. b4 Nf4 38. Ke3 Kb6 39. c4 g5
40. Kf3 Nxd3 41. Kg4 Nb2 42. Kxg5 Nxc4 43. Kf6 d5 44. exd5 exd5 45. Kf5 e4 46.
Kf4 Nxa3 47. Ke3 Nc4+ 48. Kd4 e3 49. Kd3 d4 50. Kxc4 e2 51. Kxd4 e1=R 52. Kd3
Kb5 53. Kc3 Re4 54. Kd3 Rxb4 55. Ke3 Kc5 56. Ke2 a5 57. Kd3 Kd5 58. Ke3 Ke5 59.
Kd3 b5 60. Ke3 c5 61. Kd3 Rb3+ 62. Kc2 a4 63. Kd2 Ke4 64. Kc2 Kd4 65. Kd2 Rb2+
66. Kc1 a3 67. Kd1 a2 68. Ke1 a1=Q# 0-1

[Event "DEM U10/U10w 2009"]
[Site "Willingen GER"]
[Date "2009.06.05"]
[Round "10"]
[White "Spitzl, Vinzent"]
[Black "Stukenborg, Rudi"]
[Result "0-1"]
[Termination "normal"]
[Board "18"]
[WhiteElo "1382"]
[BlackElo "1035"]
[PlyCount "158"]
[WhiteFideId "12901253"]
[BlackFideId "1270497"]
[EventCountry "GER"]
[EventRounds "11"]
[EventType "swiss"]
[EventDate "2009.05.30"]

1. d4 Nf6 2. c4 c5 3. d5 e6 4. dxe6 fxe6 5. Nc3 a6 6. e4 Nc6 7. Nf3 d6 8. Bg5
Be7 9. Bd3 Ng4 10. Bxe7 Qxe7 11. h3 Nge5 12. Be2 b6 13. O-O O-O 14. Qc2 Bb7 15.
Rad1 Rad8 16. Na4 Nxf3+ 17. Bxf3 Nd4 18. Qd3 Qc7 19. Bg4 Qc6 20. Nc3 Rde8 21.
Be2 Rf6 22. Bh5 g6 23. Bg4 Ref8 24. Ne2 e5 25. Nc3 h5 26. Be2 R6f7 27. Nd5 b5
28. b3 b4 29. Ra1 a5 30. a3 Ra8 31. axb4 axb4 32. Rxa8+ Bxa8 33. Ra1 Bb7 34.
Ra7 Kg7 35. Ra2 Qe8 36. Bd1 Bxd5 37. exd5 Qd7 38. Qg3 Qf5 39. Rb2 Qf4 40. Qxf4
Rxf4 41. Ra2 Re4 42. Kf1 Rf4 43. Ra7+ Kh6 44. Rd7 Rf6 45. f3 e4 46. Kf2 exf3
47. gxf3 g5 48. Kg2 h4 49. Kf2 Kg6 50. Ke3 Kf5 51. Be2 Nxe2 52. Kxe2 Kf4 53.
Kf2 Ke5 54. Re7+ Kd4 55. Re6 Rf7 56. Rxd6 Kc3 57. Rd8 Kxb3 58. d6 Kc2 59. d7 b3
60. f4 b2 61. Rb8 Rxd7 62. Kf3 b1=Q 63. Rxb1 Kxb1 64. fxg5 Kc2 65. Kg4 Kd3 66.
Kf5 Kxc4 67. Kf6 Kd3 68. g6 c4 69. g7 Rxg7 70. Kxg7 c3 71. Kg6 c2 72. Kg5 c1=Q+
73. Kxh4 Qh6+ 74. Kg4 Ke4 75. h4 Qf4+ 76. Kh5 Qg3 77. Kh6 Kf5 78. Kh7 Kf6 79.
h5 Qg7# 0-1

[Event "DEM U10/U10w 2009"]
[Site "Willingen GER"]
[Date "2009.06.05"]
[Round "10"]
[White "Fabiunke, Jakob"]
[Black "Mehsin, Yazan"]
[Result "1-0"]
[Termination "normal"]
[Board "19"]
[WhiteElo "1289"]
[BlackElo "1180"]
[PlyCount "73"]
[WhiteFideId "24686085"]
[EventCountry "GER"]
[EventRounds "11"]
[EventType "swiss"]
[EventDate "2009.05.30"]

1. d4 d5 2. Nf3 Nf6 3. c4 c6 4. Nc3 e6 5. Bg5 Nbd7 6. e3 Qa5 7. a3 Ne4 8. Qa4
Qb6 9. Qc2 Qa5 10. Bd3 Nxg5 11. Nxg5 dxc4 12. Bxc4 Qxg5 13. O-O Bd6 14. Ne4 Qe7
15. Nxd6+ Qxd6 16. Bd3 e5 17. dxe5 Nxe5 18. Rad1 Qf6 19. Be2 O-O 20. f4 Ng6 21.
Bd3 Bg4 22. Rd2 Qe6 23. e4 Rad8 24. f5 Bxf5 25. exf5 Qe3+ 26. Kh1 Nf4 27. Rf3
Qd4 28. f6 Rfe8 29. Bxh7+ Kh8 30. fxg7+ Kxg7 31. Rg3+ Ng6 32. Rxg6+ Kxh7 33.
Re6+ Kg7 34. Rxd4 Rxe6 35. Qf2 Rxd4 36. Qxd4+ f6 37. Qd7+ 1-0

[Event "DEM U10/U10w 2009"]
[Site "Willingen GER"]
[Date "2009.06.05"]
[Round "10"]
[White "Scheinhütte, Jakob"]
[Black "Schamschurko, André"]
[Result "1-0"]
[Termination "normal"]
[Board "20"]
[WhiteElo "1174"]
[BlackElo "1282"]
[PlyCount "57"]
[WhiteFideId "24693944"]
[BlackFideId "24695670"]
[EventCountry "GER"]
[EventRounds "11"]
[EventType "swiss"]
[EventDate "2009.05.30"]

1. e4 e5 2. Nf3 Nc6 3. Bb5 f5 4. Qe2 fxe4 5. Bxc6 bxc6 6. Qxe4 Nf6 7. Qxe5+ Be7
8. O-O O-O 9. d3 d6 10. Qe2 Bb7 11. Nc3 d5 12. Ng5 Qd6 13. Qe6+ Qxe6 14. Nxe6
Rf7 15. Nxc7 Raf8 16. Ne6 Re8 17. Ng5 Rff8 18. Be3 c5 19. Ne6 Rf7 20. Nxc5 Bc6
21. Nb3 Bd6 22. Nd4 Bd7 23. Ndb5 Bxb5 24. Nxb5 Bb8 25. Rfe1 Ref8 26. Re2 a6 27.
Nd4 Re8 28. h3 Ba7 29. Rae1 1-0

[Event "DEM U10/U10w 2009"]
[Site "Willingen GER"]
[Date "2009.06.05"]
[Round "10"]
[White "Krüger, David"]
[Black "Weis, Olga"]
[Result "1-0"]
[Termination "normal"]
[Board "21"]
[WhiteElo "1094"]
[BlackElo "1222"]
[PlyCount "111"]
[WhiteFideId "12921858"]
[BlackFideId "1270234"]
[EventCountry "GER"]
[EventRounds "11"]
[EventType "swiss"]
[EventDate "2009.05.30"]

1. d4 d5 2. c4 c6 3. Nc3 Nf6 4. Bg5 Nbd7 5. Qb3 Qb6 6. Qxb6 axb6 7. e3 h6 8.
Bh4 g5 9. Bg3 h5 10. h3 h4 11. Bc7 e6 12. cxd5 exd5 13. Bd3 b5 14. Nf3 Bh6 15.
Ke2 c5 16. Bxb5 c4 17. Na4 Ke7 18. Bxd7 Bxd7 19. Nb6 Ra6 20. Ne5 Bb5 21. a4 Bc6
22. a5 Ne4 23. Na4 Rha8 24. Nc3 Nxc3+ 25. bxc3 Bg7 26. Nf3 f6 27. Bb6 Ke6 28.
g3 hxg3 29. fxg3 Bf8 30. g4 Be7 31. h4 Rh8 32. hxg5 Rxh1 33. Rxh1 fxg5 34. Rh5
Ra8 35. Nxg5+ Bxg5 36. Rxg5 Rf8 37. Re5+ Kd6 38. Bc5+ Kd7 39. Bxf8 Kd8 40. g5
Be8 41. Rxd5+ Kc7 42. Rd6 Bh5+ 43. Kf2 Kc8 44. g6 Kc7 45. g7 Bf7 46. Rg6 Bg8
47. e4 Kd8 48. e5 Ke8 49. e6 Kd8 50. e7+ Ke8 51. Rf6 Bh7 52. a6 bxa6 53. Rxa6
Kf7 54. Rd6 Bg6 55. e8=Q+ Kxe8 56. Rxg6 1-0

[Event "DEM U10/U10w 2009"]
[Site "Willingen GER"]
[Date "2009.06.05"]
[Round "10"]
[White "Peter, Anton"]
[Black "Lehmann, Erik"]
[Result "1-0"]
[Termination "normal"]
[Board "22"]
[WhiteElo "1359"]
[BlackElo "943"]
[PlyCount "155"]
[WhiteFideId "12901660"]
[EventCountry "GER"]
[EventRounds "11"]
[EventType "swiss"]
[EventDate "2009.05.30"]

1. e4 c5 2. Nf3 Nc6 3. d4 cxd4 4. Nxd4 Nf6 5. Nc3 e5 6. Ndb5 d6 7. Bg5 a6 8.
Na3 b5 9. Bxf6 Qxf6 10. Nd5 Qd8 11. c4 bxc4 12. Bxc4 Be6 13. O-O Be7 14. Qd3 a5
15. Rac1 O-O 16. Rfd1 Rb8 17. b3 Nd4 18. Nc2 Nxc2 19. Rxc2 Bxd5 20. Qxd5 Qb6
21. Rc3 Qc5 22. Qxc5 dxc5 23. Rd5 Rfd8 24. Rcd3 Kf8 25. Rxe5 Rxd3 26. Bxd3 Rd8
27. Rd5 f6 28. Kf1 Kf7 29. Ke2 Ke6 30. Rh5 h6 31. Kd2 Rd4 32. Rh3 Bd6 33. Rf3
Ke5 34. Rf5+ Ke6 35. Ke3 Ke7 36. Rd5 Rxd5 37. exd5 Be5 38. h3 Kd6 39. Ke4 Kc7
40. Bc4 Kd7 41. f3 Bd6 42. Kf5 Ke7 43. Bb5 Kf7 44. Bd7 Ke7 45. Be6 Kf8 46. Ke4
Ke7 47. Kd3 Bc7 48. Kc4 Kd6 49. Kb5 g5 50. Kc4 h5 51. Kd3 Bd8 52. Ke4 h4 53. f4
Kc7 54. fxg5 fxg5 55. Ke5 Be7 56. Bg4 Kb6 57. Ke6 Bd8 58. Kd7 Bf6 59. a4 Kb7
60. d6 Kb8 61. Bf3 Ka7 62. Kc6 Bd4 63. d7 Bf6 64. Kc7 Be5+ 65. Kc8 Bf6 66. d8=Q
Bxd8 67. Kxd8 Kb6 68. Kd7 Ka6 69. Kc6 c4 70. bxc4 g4 71. hxg4 Ka7 72. g5 Ka8
73. g6 h3 74. gxh3 Ka7 75. g7 Ka8 76. g8=Q+ Ka7 77. Qf7+ Ka6 78. Qb7# 1-0

[Event "DEM U10/U10w 2009"]
[Site "Willingen GER"]
[Date "2009.06.05"]
[Round "10"]
[White "Boes, Julian"]
[Black "Phenn, Jan-Niklas"]
[Result "1/2-1/2"]
[Termination "normal"]
[Board "23"]
[WhiteElo "1186"]
[BlackElo "1172"]
[PlyCount "58"]
[WhiteFideId "12907723"]
[BlackFideId "12954985"]
[EventCountry "GER"]
[EventRounds "11"]
[EventType "swiss"]
[EventDate "2009.05.30"]

1. e4 e5 2. Nf3 Nf6 3. Nc3 Nc6 4. d4 d6 5. Bb5 Bd7 6. Bxc6 Bxc6 7. d5 Bd7 8.
O-O Be7 9. Bg5 O-O 10. h3 h6 11. Bh4 Nh7 12. Bxe7 Qxe7 13. Qd2 Qf6 14. Kh1 Qg6
15. Rfe1 Qh5 16. Qe3 Nf6 17. Kg1 Qg6 18. Nh2 a6 19. Rad1 Rad8 20. Rd3 Nh5 21.
Ne2 Bb5 22. Rb3 Bxe2 23. Qxe2 Nf4 24. Qf3 Rb8 25. Qg3 Qf6 26. c4 b6 27. Nf3
Rfc8 28. Nh4 Nh5 29. Qg4 Nf4 1/2-1/2

[Event "DEM U10/U10w 2009"]
[Site "Willingen GER"]
[Date "2009.06.05"]
[Round "10"]
[White "Rost, Henning"]
[Black "Hermann, Tobias"]
[Result "1-0"]
[Termination "normal"]
[Board "24"]
[WhiteElo "880"]
[BlackElo "1161"]
[PlyCount "97"]
[BlackFideId "12903701"]
[EventCountry "GER"]
[EventRounds "11"]
[EventType "swiss"]
[EventDate "2009.05.30"]

1. e4 e5 2. Nf3 d6 3. c3 Be7 4. d4 exd4 5. cxd4 Nf6 6. Nc3 Bg4 7. Be2 c6 8. h3
Bh5 9. Be3 Nbd7 10. Nd2 Bxe2 11. Nxe2 O-O 12. O-O h6 13. Ng3 Qc7 14. Nf3 Rfe8
15. Re1 Bf8 16. Bf4 Rad8 17. Qc2 Qb6 18. Re2 c5 19. d5 g6 20. b3 Bg7 21. Rae1
Kh7 22. Qc4 a6 23. Rd1 Qa7 24. a4 Nb6 25. Qd3 c4 26. bxc4 Nxa4 27. e5 dxe5 28.
Bxe5 Ng8 29. Ra1 Bxe5 30. Nxe5 Nc5 31. Qc3 Rf8 32. h4 h5 33. Ne4 Nxe4 34. Rxe4
Nf6 35. Rf4 Nd7 36. Rxf7+ Rxf7 37. Nxf7 Rf8 38. Ng5+ Kg8 39. Rf1 Nf6 40. Qc2 b6
41. Qxg6+ Kh8 42. Ne6 Rf7 43. Re1 Qe7 44. Kf1 Qa7 45. Ng5 Rf8 46. Re6 Ng8 47.
Qxh5+ Nh6 48. Qxh6+ Qh7 49. Qxh7# 1-0

[Event "DEM U10/U10w 2009"]
[Site "Willingen GER"]
[Date "2009.06.05"]
[Round "10"]
[White "Nguyen, Anh Van"]
[Black "Graf, Clara Victoria"]
[Result "1-0"]
[Termination "normal"]
[Board "25"]
[WhiteElo "1095"]
[BlackElo "1255"]
[PlyCount "35"]
[WhiteFideId "12908223"]
[BlackFideId "1270339"]
[EventCountry "GER"]
[EventRounds "11"]
[EventType "swiss"]
[EventDate "2009.05.30"]

1. e4 c5 2. f4 g6 3. Nf3 Bg7 4. Bc4 e6 5. Nc3 Ne7 6. Qe2 O-O 7. d3 Re8 8. O-O
d5 9. exd5 exd5 10. Bb3 Nf5 11. Qf2 d4 12. Ne4 b6 13. Neg5 Be6 14. Nxe6 fxe6
15. Ng5 Kh8 16. Nf7+ Kg8 17. Nxd8 Rxd8 18. Bxe6+ 1-0

[Event "DEM U10/U10w 2009"]
[Site "Willingen GER"]
[Date "2009.06.05"]
[Round "10"]
[White "Hümmecke, Sarah"]
[Black "Balzer, Alexander"]
[Result "1-0"]
[Termination "normal"]
[Board "26"]
[WhiteElo "979"]
[BlackElo "1229"]
[PlyCount "125"]
[BlackFideId "34609822"]
[EventCountry "GER"]
[EventRounds "11"]
[EventType "swiss"]
[EventDate "2009.05.30"]

1. e4 c5 2. c3 e5 3. Nf3 d6 4. d4 cxd4 5. cxd4 f6 6. Nc3 Bg4 7. Be2 Nc6 8. d5
Bxf3 9. Bxf3 Nd4 10. O-O Ne7 11. Be3 Nxf3+ 12. Qxf3 Ng6 13. Rac1 Rc8 14. Nb5
Rxc1 15. Rxc1 Qa5 16. Nc7+ Kf7 17. Qf5 Ne7 18. Qe6+ Kg6 19. g4 h6 20. a3 Kh7
21. Qf7 Ng6 22. Rc3 Rg8 23. Ne8 Be7 24. h4 Qd8 25. h5 Qxe8 26. hxg6+ Kh8 27.
Rc7 Bd8 28. Rxb7 a6 29. Bxh6 Qxf7 30. Rxf7 Bb6 31. Rd7 Bc5 32. Bd2 Rc8 33. Bb4
Kg8 34. Bxc5 dxc5 35. Rd6 Kf8 36. Rxa6 Rb8 37. Rc6 Rxb2 38. Rxc5 Rb1+ 39. Kg2
Rd1 40. a4 Ke7 41. Rc7+ Kf8 42. a5 Ra1 43. Ra7 Ke8 44. Rxg7 Rxa5 45. Rf7 Ra6
46. Kg3 Ra3+ 47. f3 Ra6 48. Rb7 Kf8 49. g7+ Kg8 50. Kh4 Ra3 51. Kh5 Ra6 52. Rc7
Rd6 53. Kg6 f5+ 54. Kxf5 Rh6 55. Kxe5 Rh7 56. d6 Rh1 57. f4 Ra1 58. Kf6 Ra8 59.
d7 Ra6+ 60. Ke7 Kxg7 61. d8=Q Ra4 62. Ke6+ Kg6 63. Qf6# 1-0

[Event "DEM U10/U10w 2009"]
[Site "Willingen GER"]
[Date "2009.06.05"]
[Round "10"]
[White "Stobbe, Frederik"]
[Black "Richardt, Angelina"]
[Result "1-0"]
[Termination "normal"]
[Board "27"]
[WhiteElo "1185"]
[BlackElo "1094"]
[PlyCount "79"]
[BlackFideId "12938149"]
[EventCountry "GER"]
[EventRounds "11"]
[EventType "swiss"]
[EventDate "2009.05.30"]

1. e4 e5 2. d4 Nc6 3. Nf3 d6 4. Nc3 Nf6 5. Bb5 Bd7 6. O-O Be7 7. d5 Nb8 8. Bg5
Bxb5 9. Nxb5 Nbd7 10. Nh4 Nxe4 11. Bxe7 Qxe7 12. Nf5 Qd8 13. Nxg7+ Kf8 14. Nf5
Rg8 15. Qf3 Nd2 16. Qh5 Qf6 17. Qh6+ Qxh6 18. Nxh6 Rg6 19. Rfd1 Ne4 20. Nf5 Rf6
21. g4 h5 22. h3 hxg4 23. hxg4 Rg6 24. f3 Ng5 25. Kg2 e4 26. f4 Nh7 27. g5 f6
28. Nxc7 Rc8 29. Ne6+ Kf7 30. Nxd6+ Ke7 31. Nxc8+ Ke8 32. f5 Rg8 33. g6 Ng5 34.
Nxg5 fxg5 35. Nd6+ Ke7 36. Nxe4 g4 37. d6+ Ke8 38. Re1 Kd8 39. Ng5 Nf6 40. Re7
1-0

[Event "DEM U10/U10w 2009"]
[Site "Willingen GER"]
[Date "2009.06.05"]
[Round "10"]
[White "Schulte, Felix"]
[Black "Moses, Selina"]
[Result "0-1"]
[Termination "normal"]
[Board "28"]
[WhiteElo "1179"]
[BlackElo "1044"]
[PlyCount "50"]
[WhiteFideId "12914800"]
[BlackFideId "12908070"]
[EventCountry "GER"]
[EventRounds "11"]
[EventType "swiss"]
[EventDate "2009.05.30"]

1. e4 e5 2. Nf3 d6 3. Nc3 Nd7 4. d4 Be7 5. Be3 Ngf6 6. Bc4 c6 7. Qd2 O-O 8.
O-O-O b5 9. Bb3 Rb8 10. dxe5 dxe5 11. Bxa7 Ra8 12. Be3 b4 13. Na4 Nxe4 14. Qd3
Nef6 15. Rdg1 e4 16. Qd2 exf3 17. gxf3 Re8 18. Bh6 Bf8 19. Bxg7 Bxg7 20. Qh6
Nh5 21. Qxh5 Qf6 22. Rg5 Ne5 23. Rf5 Bxf5 24. Rg1 Bg6 25. Qh3 Nxf3 0-1

[Event "DEM U10/U10w 2009"]
[Site "Willingen GER"]
[Date "2009.06.05"]
[Round "10"]
[White "Kania, Markus"]
[Black "Kast, Larissa"]
[Result "0-1"]
[Termination "normal"]
[Board "29"]
[WhiteElo "1178"]
[BlackElo "1011"]
[PlyCount "130"]
[WhiteFideId "12903736"]
[BlackFideId "24699055"]
[EventCountry "GER"]
[EventRounds "11"]
[EventType "swiss"]
[EventDate "2009.05.30"]

1. Nf3 Nc6 2. e4 e5 3. Bc4 Be7 4. Nc3 Nf6 5. O-O O-O 6. d3 d6 7. Be3 Be6 8.
Bxe6 fxe6 9. Ng5 Qd7 10. Nb5 Rac8 11. Nxa7 Nxa7 12. Bxa7 b6 13. a4 Ra8 14. a5
Rxa7 15. b4 h6 16. Nf3 bxa5 17. Qe2 Rfa8 18. Qd2 axb4 19. Rxa7 Rxa7 20. Qxb4
Ra4 21. Qd2 c5 22. c4 Nh7 23. Rb1 Ra8 24. h4 Bf6 25. g3 Qf7 26. Qe2 Rf8 27. Kg2
Kh8 28. Rb6 Be7 29. Rb7 Re8 30. Kh3 Kg8 31. Kg2 Nf6 32. Nd2 Qg6 33. Kh3 Nh5 34.
Nb3 Bf6 35. Rd7 Rd8 36. Rb7 Kh7 37. Na5 d5 38. Qg4 Qxg4+ 39. Kxg4 Kg6 40. Nc6
Rd6 41. exd5 exd5 42. cxd5 Rxd5 43. Re7 Rxd3 44. Nxe5+ Bxe5 45. Rxe5 Nf6+ 46.
Kf4 Rd4+ 47. Ke3 Ng4+ 48. Ke2 Nxe5 49. f4 Re4+ 50. Kd2 Rd4+ 51. Ke2 Ng4 52. Kf3
c4 53. Kxg4 c3 54. h5+ Kf7 55. Kf3 c2 56. Ke3 Rd8 57. Ke4 c1=Q 58. Kf5 Qc5+ 59.
Kg4 Qc8+ 60. Kh4 Rd1 61. g4 Rh1+ 62. Kg3 Qc3+ 63. Kf2 Rh2+ 64. Kg1 Qg3+ 65. Kf1
Qf2# 0-1

[Event "DEM U10/U10w 2009"]
[Site "Willingen GER"]
[Date "2009.06.05"]
[Round "10"]
[White "Kempe, Anne"]
[Black "Rogozenco, Teodora Nana"]
[Result "1-0"]
[Termination "normal"]
[Board "30"]
[WhiteElo "1168"]
[BlackElo "798"]
[PlyCount "55"]
[WhiteFideId "12918083"]
[BlackFideId "12938084"]
[EventCountry "GER"]
[EventRounds "11"]
[EventType "swiss"]
[EventDate "2009.05.30"]

1. e4 c5 2. Nf3 d6 3. d4 cxd4 4. Nxd4 Nf6 5. Nc3 g6 6. f4 Nc6 7. Nxc6 bxc6 8.
e5 dxe5 9. Qxd8+ Kxd8 10. fxe5 Ng4 11. Bf4 Bg7 12. O-O-O+ Ke8 13. Re1 Nh6 14.
Bc4 Ng8 15. Rhf1 e6 16. Rd1 Ne7 17. Rf2 Nf5 18. Rfd2 Ke7 19. Ne4 Rb8 20. Bg5+
f6 21. exf6+ Bxf6 22. Bxf6+ Kf7 23. Bxh8 Ne3 24. Bb3 Nxd1 25. Rxd1 Bb7 26. Be5
c5 27. Ng5+ Ke7 28. Bxb8 1-0

[Event "DEM U10/U10w 2009"]
[Site "Willingen GER"]
[Date "2009.06.05"]
[Round "10"]
[White "Pohl, Jannik"]
[Black "Fieberg, Samuel"]
[Result "0-1"]
[Termination "normal"]
[Board "33"]
[WhiteElo "883"]
[BlackElo "1125"]
[PlyCount "60"]
[BlackFideId "12901717"]
[EventCountry "GER"]
[EventRounds "11"]
[EventType "swiss"]
[EventDate "2009.05.30"]

1. d4 d5 2. Nc3 Bf5 3. Bf4 Nf6 4. Nf3 e6 5. a3 a6 6. e3 c5 7. Bd3 Bxd3 8. cxd3
Be7 9. dxc5 Bxc5 10. d4 Be7 11. O-O O-O 12. Re1 Nbd7 13. e4 dxe4 14. Nxe4 Rc8
15. h3 Qb6 16. b4 Rc6 17. Ne5 Nxe5 18. Bxe5 Nxe4 19. Rxe4 Rfc8 20. Qg4 f6 21.
Bxf6 Bxf6 22. Rf4 Kh8 23. Re1 Rc1 24. Rxc1 Rxc1+ 25. Kh2 Qd6 26. g3 Rc4 27. Qf3
Rxd4 28. Rxd4 Qxd4 29. Kg2 Qd5 30. Qxd5 exd5 0-1

[Event "DEM U10/U10w 2009"]
[Site "Willingen GER"]
[Date "2009.06.05"]
[Round "10"]
[White "Wächter, Nathalie"]
[Black "von Reppert, Marc"]
[Result "0-1"]
[Termination "normal"]
[Board "34"]
[WhiteElo "804"]
[BlackElo "1111"]
[PlyCount "82"]
[WhiteFideId "12921033"]
[BlackFideId "12918130"]
[EventCountry "GER"]
[EventRounds "11"]
[EventType "swiss"]
[EventDate "2009.05.30"]

1. e4 e6 2. d4 d5 3. Nc3 Nf6 4. e5 Nfd7 5. Nf3 Bb4 6. Bd2 c5 7. a3 Ba5 8. dxc5
Nxc5 9. b4 Bb6 10. bxc5 Bxc5 11. Bd3 O-O 12. O-O Nc6 13. Ng5 h6 14. Qh5 Bd7 15.
Nh7 Re8 16. Nf6+ gxf6 17. Qxh6 f5 18. Qh7+ Kxh7 19. Kh1 Nxe5 20. Be2 Rg8 21. f3
Qf6 22. f4 Qg6 23. Rg1 Bxg1 24. g3 Bd4 25. fxe5 Bxe5 26. Be3 Bxc3 27. Rg1 Bc6
28. Bf3 e5 29. g4 e4 30. Be2 fxg4 31. Rxg4 Qxg4 32. Bxg4 Rxg4 33. h3 Rg3 34.
Bf2 Rag8 35. Bxg3 Rxg3 36. Kh2 Be5 37. h4 e3 38. h5 e2 39. h6 e1=Q 40. c3 Qf2+
41. Kh1 d4# 0-1

[Event "DEM U10/U10w 2009"]
[Site "Willingen GER"]
[Date "2009.06.05"]
[Round "10"]
[White "Schirmer, Christoph"]
[Black "Wallat, Jessica"]
[Result "0-1"]
[Termination "normal"]
[Board "35"]
[WhiteElo "1092"]
[BlackElo "1045"]
[PlyCount "140"]
[BlackFideId "12909637"]
[EventCountry "GER"]
[EventRounds "11"]
[EventType "swiss"]
[EventDate "2009.05.30"]

1. e4 e5 2. Nf3 Nc6 3. Bc4 Bc5 4. c3 Nf6 5. d3 h6 6. Nbd2 a6 7. Bb3 d6 8. h3
Be6 9. Nf1 Ne7 10. Ng3 Ng6 11. O-O O-O 12. Be3 Qd7 13. Kh2 b5 14. d4 exd4 15.
cxd4 Bxb3 16. axb3 Bb6 17. e5 Nd5 18. Re1 Rfe8 19. Bd2 c5 20. Qc1 cxd4 21. Bxh6
gxh6 22. Qxh6 Qe7 23. Ng5 dxe5 24. Qh7+ Kf8 25. Nf5 Qf6 26. Nh6 Ra7 27. Qg8+
Ke7 28. Qh7 Qxg5 29. Qxf7+ Kd8 30. Qxd5+ Rd7 31. Nf7+ Ke7 32. Qxd7+ Kxd7 33.
Nxg5 Rf8 34. Nf3 Rf5 35. Rxa6 Rf6 36. Nxe5+ Nxe5 37. Rxe5 Rd6 38. Rxb5 d3 39.
Ra1 d2 40. Rd1 Bxf2 41. Rf5 Be3 42. Re5 Bf4+ 43. g3 Bxe5 44. Kg2 Bxb2 45. g4
Bc3 46. g5 Re6 47. Kf2 Re1 48. g6 Rxd1 49. g7 Bxg7 50. Ke2 Rh1 51. Kxd2 Rxh3
52. b4 Rb3 53. b5 Rxb5 54. Kd3 Rb4 55. Ke3 Ke6 56. Kd3 Kd5 57. Ke3 Ra4 58. Kd3
Ra3+ 59. Kc2 Kc4 60. Kd2 Rh3 61. Ke2 Kd4 62. Kf2 Ke4 63. Kg2 Ra3 64. Kh2 Be5+
65. Kg2 Kf4 66. Kf2 Ra2+ 67. Ke1 Ke3 68. Kd1 Rh2 69. Kc1 Kd3 70. Kd1 Rh1# 0-1

[Event "DEM U10/U10w 2009"]
[Site "Willingen GER"]
[Date "2009.06.05"]
[Round "10"]
[White "Schmitt, Marco"]
[Black "Schaefer, Matthes"]
[Result "0-1"]
[Termination "normal"]
[Board "36"]
[WhiteElo "993"]
[BlackElo "1311"]
[PlyCount "128"]
[BlackFideId "12946117"]
[EventCountry "GER"]
[EventRounds "11"]
[EventType "swiss"]
[EventDate "2009.05.30"]

1. e4 e5 2. Nf3 Nc6 3. Bc4 Nf6 4. d3 d5 5. exd5 Nxd5 6. c3 Bg4 7. Nbd2 Bc5 8.
O-O O-O 9. Re1 Qd7 10. Ne4 Be7 11. Bb5 Bd6 12. Bc4 Nb6 13. Bh6 Be7 14. Be3 Nxc4
15. dxc4 Qxd1 16. Raxd1 Rad8 17. Nc5 b6 18. Nd3 e4 19. h3 Bxf3 20. gxf3 exd3
21. Bf4 Bd6 22. Bg3 Bxg3 23. fxg3 h6 24. Re3 Rfe8 25. Rxe8+ Rxe8 26. Rxd3 Re1+
27. Kf2 Re7 28. f4 f6 29. g4 Kf7 30. b4 Kg6 31. Kg3 Kf7 32. b5 Na5 33. Rd4 Re3+
34. Kf2 Re7 35. f5 c5 36. bxc6 Nxc6 37. Rd6 Ne5 38. Rd8 Nxc4 39. Rd4 Ne5 40.
Ke2 Nc6+ 41. Kd3 Nxd4 42. Kxd4 Re5 43. Kc4 Ke7 44. Kb4 Rc5 45. Kb3 Kd6 46. a4
Kd5 47. Kb4 a5+ 48. Kb3 Ke4 49. Kc2 Kf3 50. Kd3 Re5 51. Kd4 Kg3 52. c4 Kxh3 53.
Kd3 Kxg4 54. Kd4 h5 55. Kd3 h4 56. Kd4 h3 57. Kc3 h2 58. Kd3 h1=Q 59. Kc3 Qf3+
60. Kd4 Qe4+ 61. Kc3 Qf4 62. Kd3 Re3+ 63. Kc2 Qf2+ 64. Kd1 Re1# 0-1

[Event "DEM U10/U10w 2009"]
[Site "Willingen GER"]
[Date "2009.06.05"]
[Round "10"]
[White "Lederer, Leia"]
[Black "Hutton, Jim"]
[Result "1-0"]
[Termination "normal"]
[Board "37"]
[WhiteElo "944"]
[BlackElo "1167"]
[PlyCount "67"]
[WhiteFideId "12926353"]
[EventCountry "GER"]
[EventRounds "11"]
[EventType "swiss"]
[EventDate "2009.05.30"]

1. e4 e6 2. d4 d5 3. Nd2 c5 4. dxc5 Bxc5 5. Nb3 Qb6 6. Nxc5 Qxc5 7. Be3 Qd6 8.
Nf3 Nf6 9. Bd3 Qd8 10. exd5 Nxd5 11. Bg5 Nf6 12. Ne5 Nbd7 13. Bb5 Qc7 14. Nxd7
Bxd7 15. Bxd7+ Nxd7 16. O-O O-O 17. Qg4 Kh8 18. Qd4 f6 19. Be3 e5 20. Qh4 Qxc2
21. Rad1 Rfd8 22. Rd2 Qc7 23. Rd3 b6 24. Bc1 Rdc8 25. Bd2 Nf8 26. h3 Qc4 27.
Qg3 Qxa2 28. Bb4 Qxb2 29. Bxf8 Rxf8 30. Rd7 g6 31. Qh4 h5 32. Qe4 f5 33. Qc6
Rg8 34. Qf6+ 1-0